Information technology : (Record no. 61619)
[ view plain ]
| 000 -LEADER | |
|---|---|
| fixed length control field | 00746nam a2200229 a 4500 |
| 001 - CONTROL NUMBER | |
| control field | 61619 |
| 003 - CONTROL NUMBER IDENTIFIER | |
| rucl marc code | BD-RjUL |
| 005 - DATE AND TIME OF LATEST TRANSACTION | |
| control field | 20211209081002.0 |
| 008 - FIXED-LENGTH DATA ELEMENTS--GENERAL INFORMATION | |
| fixed length control field | 170119s20001998maua 001 0 eng d |
| 020 ## - INTERNATIONAL STANDARD BOOK NUMBER | |
| International Standard Book Number | 0256218471 |
| 035 ## - SYSTEM CONTROL NUMBER | |
| System control number | (BD-RjUL)61743 |
| 040 ## - CATALOGING SOURCE | |
| Original cataloging agency | BD-RjUL |
| Transcribing agency | BD-RjUL |
| Modifying agency | BD-RjUL |
| Language of cataloging | eng |
| 041 ## - LANGUAGE CODE | |
| Language code of text/sound track or separate title | eng |
| 082 00 - DEWEY DECIMAL CLASSIFICATION NUMBER | |
| Classification number | 004 |
| Edition number | 23 |
| Author mark and year | INF 2000 |
| 245 00 - TITLE STATEMENT | |
| Title | Information technology : |
| Remainder of title | the breaking wave / |
| Statement of responsibility, etc. | Dennis P. Curtin ... [et al.]. |
| 260 ## - PUBLICATION, DISTRIBUTION, ETC. (IMPRINT) | |
| Place of publication, distribution, etc. | Boston : |
| Name of publisher, distributor, etc. | Irwin/McGraw-Hill, |
| Date of publication, distribution, etc. | c1998 [reprinted 2000]. |
| 300 ## - PHYSICAL DESCRIPTION | |
| Pagination | xx, 300 p. : |
| Illustrations | col. ill. ; |
| Size | 28 cm. + |
| Accompanying material | 1 computer laser optical disc (4 3/4in.) |
| 500 ## - GENERAL NOTE | |
| General note | Includes index. |
| 650 #0 - SUBJECT ADDED ENTRY--TOPICAL TERM | |
| Topical term or geographic name as entry element | Information technology. |
| 9 (RLIN) | 183569 |
| 700 1# - ADDED ENTRY--PERSONAL NAME | |
| Personal name | Curtin, Dennis P., |
| Dates associated with a name | 1941- |
| 942 ## - ADDED ENTRY ELEMENTS (KOHA) | |
| Source of classification or shelving scheme | Dewey Decimal Classification |
| Koha item type | Books |
| Lost status | Source of classification or shelving scheme | Damaged status | Not for loan | Collection code | Permanent Location | Current Location | Shelving location | Date acquired | Source of acquisition | Cost, normal purchase price | Total Checkouts | Full call number | Date last seen | Copy number | Koha item type |
|---|---|---|---|---|---|---|---|---|---|---|---|---|---|---|---|
| Dewey Decimal Classification | Not For Loan | Non-fiction | Central Library, University of Rajshahi | Central Library, University of Rajshahi | Reading Room | 02/11/2002 | Paragon, Dhaka, | 218.00 | 004 INF 2000 | 19/01/2017 | C-1 | Books |